Eponyme Jeune Morty - Statistiques

Statistiques générales
  • Ce quiz a été pris 16 fois
  • Le résultat moyen est 7 sur 14
Statistiques - réponses
Numéro Nom % Correct
1 Oasis
89%
9 777problems
67%
2 Plata
67%
10 Solo dolo*
56%
11 777heavens
44%
14 Cour
44%
5 Couture
44%
6 Ghetto Punk
44%
13 Malfrat
44%
12 Wya
44%
4 Glock perfection
33%
8 Project
33%
7 Zoo XXL
33%
3 Zoumama
11%
Aucun quiz correspondant
Distribution des résultats
% des personnes avec chaque résultat
Percentile par nombre de réponses
Votre historique - résultats
Vous n’avez pas pris ce quiz